Countries with Most Letters - Statistics

General Stats
  • This quiz has been taken 43 times
  • The average score is 14 of 20
Answer Stats
Letters Answer % Correct
28 Democratic Republic of the Congo
92%
18 Republic of the Congo
89%
21 United States of America
87%
18 Saint Kitts and Nevis
82%
22 Central African Republic
79%
27 Federated States of Micronesia
79%
28 Saint Vincent and the Grenadines
79%
17 Dominican Republic
76%
15 Marshall Islands
76%
14 Papua New Guinea
76%
14 Solomon Islands
76%
18 United Arab Emirates
74%
18 São Tomé and Príncipe
68%
16 Equatorial Guinea
66%
17 Trinidad and Tobago
66%
20 Bosnia and Herzegovina
63%
17 Antigua and Barbuda
55%
13 Liechtenstein
55%
14 North Macedonia
47%
13 Czech Republic
45%
No matching quizzes found
Score Distribution
Percent of People with Each Score
Percentile by Number Answered
Your Score History
You have not taken this quiz